000 00644nam a2200205Ia 4500
005 20221121112625.0
008 131103s9999 xx 000 0 und d
040 _aLoreto College
041 _aEnglish
082 _a821.7
_bWOR-DUR
100 _aDurrant,Geoffrey
245 _aWordsworth and the great system
_b a study of Wordsworth's poetic universe
_cGeoffrey Durrant
260 _aCambridge
_bCambridge University Press
_c1970
300 _avii,180 p.
504 _aIncludes bibliographical references and index
650 _aEnglish Poetry
651 _aWordsworth - Criticism and Interpretation
850 _aLCLIB
942 _cBK
999 _c5967
_d56446